00320nam a2200121 a 450000500170000000800410001702000060005805000180006410000190008224500440010126000350014544000180018020140414131905.0100902s19uu xx 00 eng d a  aFICbM46 2005 aMeadows, Daisy aSky the blue fairy /cby Daisy Meadows. aNew York :bScholastic,c2005. aRainbow magic